000 00495nam a2200169Ia 4500
999 _c25325
_d25325
003 OSt
005 20210106122857.0
008 190216s9999||||xx |||||||||||||| ||und||
040 _coclc
082 _a894.8128
_bASA/D
100 _aAsan Smaraka Committe
_97775
245 0 _aDuravastha Oru Symposium /
_cAsan Smaraka Committe
260 _bNbs Kottayam,
_aKottayam:
_c1979.
300 _a143p
650 _aPadanam
942 _cBK
_2ddc
_h894.8128
_iASA/D
_k894.8128
_mASA/D